000 01190cam a2200361 a 4500
999 _c9212
_d9212
001 16042834
003 KTL1885 SHA 2006
005 20210608095740.0
008 100106s2006 sa 001 0 eng
010 _a 2009404588
020 _a0702173010 (pbk.)
020 _a9780702173011 (pbk.)
040 _aDLC
_cDLC
043 _af-sa---
050 0 0 _aKTL1885
_b.D43 2006
100 1 _aSharrock, Robert.
245 1 0 _aHockly's insolvency law /
_cRobert Sharrock, Kathleen van der Linde, Alastair Smith.
246 3 0 _aInsolvency law
250 _a8th ed.
260 _aCape Town :
_bJuta,
_c2006.
300 _axlviii, 416 p. ;
_c25 cm.
500 _aIncludes index.
600 _2Insolvancy law
650 0 _aBankruptcy
_zSouth Africa.
650 0 _aComposition (Law)
_zSouth Africa.
650 0 _aLiquidation
_zSouth Africa.
700 1 _aVan der Linde, Kathleen.
700 1 _aSmith, Alastair,
_d1957-
700 1 _aHockly, Harold Edward,
_d1897-
906 _a7
_bcbc
_corigres
_d3
_encip
_f20
_gy-gencatlg
942 _2lcc
_cBK
_e8th
_h1885
_iSHA
_kKTL